000 00867nam a2200289Ia 4500
005 20260324130154.0
008 008 260324s9999 xx 000 0 eng d
020 _a9780429151965
037 _aEBOOK
040 _aCRL
040 _beng
040 _cCRL
041 _2eng
041 _aeng
084 _qCRL
100 _aDina D'Ayala; Enrico Fodde
_91180772
245 0 _aStructural Analysis of Historic Construction: Preserving Safety and Significance, Two Volume Set
245 0 _bProceedings of the VI International Conference on Structural Analysis of Historic Construction, SAHC08, 2-4 July 2008, Bath, United Kingdom
260 _bTaylor and Francis
260 _c2008
365 _a
365 _b715
856 _uhttp://www.taylorfrancis.com/books/9780429151965
942 _cEBOOK
999 _c1776706
_d1776706